00465nam a22000977a 4500008004100000020001800041082002600059245017600085260008300261300002300344160127b xxu||||| |||| 00| 0 eng d a9781860580345 a621.312136 bWIN 1996 aWind energy conversion 1997 :bproceedings of the 18th British Wind Energy Association Conference, Exeter University, UK, 25-27 September 1996cedited by Dr. Mike Anderson aBury st edmunds and london:bMechanical engieering publishing limited;cc1996. a473p:bill;c26cm,